000 00603nam a2200217Ia 4500
005 20260429112305.0
008 260429s9999||||xx |||||||||||||| ||und||
020 _a9781647255596
041 _aEnglish
082 _a669.14
_bGEL
100 _aGelbart, Adam
245 0 _aSteels and high entropy alloys :
_badvances and applications /
_cAdam Gelbart
250 _a1st ed.
260 _aNew York :
_bNY Research Press,
_c2025.
300 _avii, 239 p.; hb
650 _a High entropy alloys
650 _a Materials science
650 _a Metallurgy
650 _aSteel alloys
942 _cTB
999 _c53335
_d53335